000 00335nam a2200145Ia 4500
008 150201s2011 xx 000 0 und d
082 _a150
_bC11B
100 _aBHUVANESWARI, K.
245 _aCHILD & ADOLESCENT PSYCHOLOGY
250 _a1ST
260 _bCBS
_aDELHI
_c2011
300 _a332
650 _aPSYCHOLOGY
942 _2ddc
_cBK
999 _c2333
_d2333